| 000 | nam a22 7a 4500 | ||
|---|---|---|---|
| 999 |
_c234737 _d234737 |
||
| 003 | Nust | ||
| 005 | 20170330112500.0 | ||
| 008 | 170330b xxu||||| |||| 00| 0 eng d | ||
| 020 | _a9780143063339 | ||
| 040 | _cNust | ||
| 082 |
_a823 _bSHA |
||
| 100 | _aShahraz, Qaisra | ||
| 245 |
_aLove's Fury/ _cQaisar Shahraz; |
||
| 260 |
_aNew Delhi. _bPenguin Publishing _c2009 |
||
| 300 | _a224 p. | ||
| 650 | _aFiction | ||
| 942 |
_2ddc _cBK |
||